| 000 | 00757nam a22001937a 4500 | ||
|---|---|---|---|
| 005 | 20170601105743.0 | ||
| 020 |
_a9789350718834 _c1250.00 |
||
| 035 | _aB-666072 | ||
| 037 |
_adpl _bVariety/Ven |
||
| 082 | _a343.052 | ||
| 245 |
_aTaxmann's income tax act : _bas amended by Finance Act 2016 / |
||
| 250 | _a60th ed | ||
| 260 |
_aNew Delhi _bTaxmann Publications _c2016 |
||
| 270 |
_a59/32, New Rohtak Road, _bNew Delhi _e110005 _k+91-11-45562222 _l- _m- |
||
| 300 |
_avarious pagings _c25cm(pbk) |
||
| 500 | _aIncludes index | ||
| 942 |
_2ddc _cEN _mTAX _h343.052 |
||
| 999 |
_c140660 _d140660 |
||